000 00704nam a2200253Ia 4500
003 OSt
005 20220918221512.0
006 a|||||r|||| 00| 0
007 ta
008 220917b |||||||| |||| 00| 0 eng d
024 _a192,740
037 _cTextual
040 _aARTS
_cARTS
_beng
041 _2eng
_aeng
082 _aQ6:332(Y15), N8
100 _aMaitland Sara
_9140642
245 0 _aVirtuous magic
_b women saints and their meanings
260 _aNew York
_bContinum
_c1998
300 _aviii;381p.
_ccm.
650 _aRELIGION
700 _a Mulford Wendy
_9140643
942 _hQ6:332(Y15), N8
_cTEXL
_2CC
999 _c272740
_d272740